000 00830nam a22002417a 4500
001 3308
003 FISKH
005 20240226151924.0
008 240226b cb ||||| |||| 00| 0 eng d
040 _aFISK
_beng
_cFISK
_dFISK
050 _aPZ7.S86037
082 _a813.54
100 _aStine R.L :
_d1943
245 _aCreep from the deep /
_cR.L Stine
260 _aNew York :
_bScholastic,
_c2008
300 _a137 pages :
_b20 cm :
490 _3Goosebumps Horrorland
_aBook 2
501 _aG
520 _aBilly and Sheena go with their Uncle, Dr. Deep, to search for treasure and are pursued by pirates who have been dead for two hundred years, and when Billy and Sheena return to land and visit Horrorland they encounter their worse fears.
521 8 _a430
_bG
700 _aR.L Stine
942 _2ddc
_cBK
_n0
999 _c3308
_d3308